00775cam a22002411 45000010008000000030009000080050017000170080041000340100017000750350019000920400029001110420012001400500020001520820016001721000024001882450075002122500014002872600043003013000021003445000119003655040027004846000022005119840248BDDh-ASL20231015030031.0760317s1956 ii b 000 0 eng  a 61044713  a(OCoLC)2055050 aDLCcCoDUdDLCdBDDh-ASL apremarc00aDS451b.B6 1956 a954.2bBOH 1 aBose, Nemai Sadhan.10aHistory of the Candellas of Jejakabhukti / cForeword by A. L. Basham. a[1st ed.] aCalcutta :bK. L. Mukhopadhyayc1956.  a213 p. :c23 cm. a"Originally a thesis submitted for ... the degree of doctor of philosophy ... at the University of London in 1954" aIncludes bibliography.30aChandela dynasty.